Statistics for Countries with the Most COVID-19 Vaccinations

Click here to take the quiz!

General Stats

  • This quiz has been taken 46 times
  • The average score is 8 of 20

Answers on the Map

Answers color-coded by a green-red scale on the quiz's map according to % correct below.
 

Answer Stats

Rank
Amount of vaccination
Country% Correct
#11.37BChina
100%
#2368.99MIndia
84%
#3332.97MUnited States
84%
#4112.77MBrazil
74%
#680.07MUnited Kingdom
65%
#581.33MGermany
58%
#759.12MFrance
55%
#1055.9MItaly
42%
#857.35MJapan
42%
#1346.63MRussia
35%
#1150.64MIndonesia
32%
#1541.86MCanada
29%
#1249.86MMexico
29%
#1446.61MSpain
29%
#957.25MTurkey
29%
#1631.26MPoland
16%
#1920.25MSouth Korea
16%
#1724.05MArgentina
13%
#1823.7MChile
10%
#2020.2MColombia
3%

Score Distribution

Percentile by Number Answered

Percent of People with Each Score

Your Score History

You have not taken this quiz